Sports Quiz

Random Sports or NFL Quiz

Any NFL Team Besides the Colts Quiz Stats

 Plays Quiz Updated Mar 6, 2019

Score 0/17 Timer 02:00
1 Play Today
Hint Answer % Correct
In a State that Borders KentuckyTennessee Titans
91%
Is in the AFC SouthTennessee Titans
91%
Have had a QB throw 45+ TD's in a Single SeasonNew England Patriots
87.8%
Is in the AFC SouthHouston Texans
78.8%
Is in the AFC SouthJacksonville Jaguars
77.3%
In a State that Borders KentuckyCleveland Browns
77.3%
In a State that Borders KentuckyCincinnati Bengals
73.6%
Have had a QB throw 45+ TD's in a Single SeasonDenver Broncos
67.7%
In a State that Borders KentuckyKansas City Chiefs
67.5%
Hint Answer % Correct
In a State that Borders KentuckyChicago Bears
67.5%
Have had a QB throw 45+ TD's in a Single SeasonKansas City Chiefs
67.4%
Have had a QB throw 45+ TD's in a Single SeasonNew Orleans Saints
65.1%
Have had a QB throw 45+ TD's in a Single SeasonGreen Bay Packers
64.6%
Team's Location Begins with a VowelAtlanta Falcons
63.3%
Have had a QB throw 45+ TD's in a Single SeasonMiami Dolphins
59.5%
Team's Location Begins with a VowelArizona Cardinals
58.2%
Team's Location Begins with a VowelOakland Raiders
44.3%

You're not logged in!

Compare scores with friends on all Sporcle quizzes.
OR
Log In

You Might Also Like...

Show Comments

Extras

Top Quizzes Today


Score Distribution

Your Account Isn't Verified!

In order to create a playlist on Sporcle, you need to verify the email address you used during registration. Go to your Sporcle Settings to finish the process.

Report this User

Report this user for behavior that violates our Community Guidelines.

Details: